Η δράση των μη κυβερνητικών οργανώσεων σε τοπικό επίπεδο : η περίπτωση της Λέσβου : πτυχιακή εργασία
Αποθηκεύτηκε σε:
| Κύριος συγγραφέας: | |
|---|---|
| Συγγραφή απο Οργανισμό/Αρχή: | |
| Άλλοι συγγραφείς: | |
| Μορφή: | Thesis Βιβλίο |
| Γλώσσα: | Greek |
| Δημοσίευση: |
2008.
|
| Θέματα: | |
| Διαθέσιμο Online: | http://hdl.handle.net/11610/6299 |
| Ετικέτες: |
Προσθήκη ετικέτας
Δεν υπάρχουν, Καταχωρήστε ετικέτα πρώτοι!
|
MARC
| LEADER | 00000cam a2200000 i 4500 | ||
|---|---|---|---|
| 001 | 1/104958 | ||
| 008 | 090512s2008 gre d | ||
| 035 | |l 10104631 | ||
| 040 | |a GR-MY-UA |b gre |e aacr | ||
| 041 | 0 | |a gre | |
| 082 | 0 | |a 303.372 |2 (22) | |
| 100 | 1 | |a Γιαννακού, Χρυσοβαλάντω. | |
| 245 | 1 | 2 | |a Η δράση των μη κυβερνητικών οργανώσεων σε τοπικό επίπεδο : |b η περίπτωση της Λέσβου : πτυχιακή εργασία / |c επιμέλεια εργασίας: Γιαννακού Χρυσοβαλάντω ; επιβλέπων καθηγητής: Θ. Ιωσηφίδης. |
| 260 | |c 2008. | ||
| 300 | |a 142 σ. : |b πιν., σχ. ; |c 30 εκ. | ||
| 502 | |a Πτυχιακή εργασία - Πανεπιστήμιο Αιγαίου, Λέσβος, 2008. | ||
| 504 | |a Βιβλιογραφία: σ. 67-68. | ||
| 650 | 0 | 0 | |a Associations, institutions, etc. |z Greece |z Lesbos (Municipality) |
| 650 | 0 | 0 | |a Citizens' associations. |
| 650 | 0 | 0 | |a Non-governmental organizations |z Greece |z Lesbos (Municipality) |
| 650 | 0 | 0 | |a Non-governmental organizations |x Social aspects. |
| 650 | 0 | 0 | |a Dissertations, Academic |z Greece. |
| 700 | 1 | |a Ιωσηφίδης, Θεόδωρος, |e dgs [Επιβλέπων καθηγητής] | |
| 710 | 2 | |a Πανεπιστήμιο Αιγαίου. |b Σχολή Κοινωνικών Επιστημών. |b Τμήμα Γεωγραφίας. | |
| 852 | |a INST |b LESVOS |c DIATR |e 20090512 |h 465 |p 005100045463 |q 005100045463 |t DIE |y 23 | ||
| 852 | |a INST |b LESVOS |c DIATR |e 20090512 |h 466 |p 005100045464 |q 005100045464 |t DIE |y 23 | ||
| 856 | |u http://hdl.handle.net/11610/6299 | ||
| 901 | |a BIBL1-2009-2 | ||
| 909 | |a Λ |b 130216 | ||
| 909 | |a Λ |b 130217 | ||
| 924 | |a ΓΙΑΝΝΑΚΟΥ |b ΧΡΥΣΟΒΑΛΑΝΤΩ |y ΛΕΣΒΟΣ |z 2008-12 | ||
| 970 | |a ΤΖΑΦΕΡΗ |b ΕΥΑΓΓΕΛΙΑ |z 2009/05/12 | ||